000 00313nam a22001337a 4500
008 181011b xxu||||| |||| 00| 0 eng d
020 _a9781850436584
041 _aeng
080 _a941
100 _a17
101 _aHIS
245 _aThe Middle East in the World Economy 1800-1914
_cOwen, R
942 _2udc
_cBK
999 _c49432
_d49432